000 00558nam a2200205Ia 4500
005 20250508152205.0
008 008 250505s9999 xx 000 0 eng d
037 _aTextual
040 _aFEDL
_beng
_cFEDL
041 _aeng
_2eng
084 _a332.4, CAN
_qFEDL
100 _aCannan Edwin
245 0 _aMoney : Its connexion with rising and falling prices
250 _a8
260 _aNew York, USA
_bStaples Press Limited
_c1946
300 _a136p
650 _aEconomics
942 _cTEXL
_h332.4, CAN
999 _c1334871
_d1334871